| 000 | 00364nam a2200097Ia 4500 | ||
|---|---|---|---|
| 008 | 180130s9999 xx 000 0 und d | ||
| 245 |
_cWitt, Michael A.; Redding, Gordon _aChina: authoritarian capitalism |
||
| 260 | _c2014 | ||
| 300 | _aBook title: The Oxford handbook of Asian business systems--Acession number C19643; pages 11-32 | ||
| 650 | _aBUSINESS SYSTEMS--ASIA | ||
| 999 |
_c354409 _d354409 |
||